Floor exercises don't always pay off (Record no. 79904)
[ view plain ]
| 000 -LEADER | |
|---|---|
| fixed length control field | 01165cab a22001935a 4500 |
| 001 - CONTROL NUMBER | |
| control field | L142666 |
| 008 - FIXED-LENGTH DATA ELEMENTS--GENERAL INFORMATION | |
| fixed length control field | 080227e20080223xxk f 000 0 eng d |
| 035 ## - SYSTEM CONTROL NUMBER | |
| System control number | (Sirsi) u142666 |
| 041 0# - LANGUAGE CODE | |
| Language code of text/sound track or separate title | eng |
| 100 1# - MAIN ENTRY--PERSONAL NAME | |
| Personal name | Edwards, Simon |
| 245 00 - TITLE STATEMENT | |
| Title | Floor exercises don't always pay off |
| 260 ## - PUBLICATION, DISTRIBUTION, ETC. | |
| Date of publication, distribution, etc. | 2008 |
| 490 ## - SERIES STATEMENT | |
| Series statement | Estates Gazette |
| Volume/sequential designation | (0807) 23 February 2008, 135(1) |
| 520 ## - SUMMARY, ETC. | |
| Summary, etc. | Considers some of the problems associated with dividing service charges between tenants in mixed-use leisure areas. In such developments, apportioning according to floor space often fails to provide a fair solution. Considers issues such as varied opening hours and destination occupiers which attract significantly more custom to the centre as a whole. Considers individual visitor footfall counts and note its widespread criticism by commercial tenants and the RICS code of practice on sercice charges in commercial property (L133990). Notes that as uses change over time, any scheme put in place will need constant review. |
| 590 ## - LOCAL NOTE (RLIN) | |
| Local note | KA |
| 651 #4 - SUBJECT ADDED ENTRY--GEOGRAPHIC NAME | |
| Geographic name | United Kingdom |
| Chronological subdivision | |
| 690 ## - LOCAL SUBJECT ADDED ENTRY--TOPICAL TERM (OCLC, RLIN) | |
| Topical term or geographic name as entry element | PROPERTY-COMMERCIAL PROPERTY-COMMERCIAL LANDLORD AND TENANT-COMMERCIAL SERVICE CHARGES |
| 942 ## - ADDED ENTRY ELEMENTS (KOHA) | |
| Suppress in OPAC | 0 |
| Withdrawn status | Lost status | Source of classification or shelving scheme | Damaged status | Not for loan | Home library | Current library | Shelving location | Date acquired | Total Checkouts | Full call number | Barcode | Date last seen | Copy number | Price effective from | Koha item type |
|---|---|---|---|---|---|---|---|---|---|---|---|---|---|---|---|
| Dewey Decimal Classification | London | London | Journal article | 27/02/2008 | L142666 | 142666-1001 | 06/08/2019 | 1 | 06/08/2019 | Journal article |